00405nam a2200133 i 4500001000300000100002200003245005600025260001900081700001600100040000800116041000800124008004100132856009800173bg1 aHIRTH, John Price 0aTeorija dislokacji /cJohn Price Hirth, Jens Lothe. aMoskva,c1972.1 aLOTHE, Jens cBPK apol s pl f |000 0 pol  uhttp://koha.tu.koszalin.pl/cgi-bin/koha/opac-detail.pl?biblionumber=27078yKatalog online BPK